00389pab a2200145 454500008004000000100002000040245008000060260000900140300001200149362001200161650001300173650002000186650002400206773001300230180718b2000 xxu||||| |||| 00| 0 eng d aSlater, Richard aThe convention on the rights of the child: implications for street children c2000 ap.48-53 aApr-Jun aChildren aStreet children aRights of the child aNagarlok